Correo para la muerte / (Record no. 195511)

MARC details
000 -LEADER
campo de control de longitud fija 01481nam a2200361 i 4500
001 - NÚMERO DE CONTROL
campo de control 195511
003 - IDENTIFICADOR DE NÚMERO DE CONTROL
campo de control SpMaBN
005 - FECHA Y HORA DE LA ÚLTIMA TRANSACCIÓN
campo de control 20250625063213.0
007 - CAMPO FIJO DE DESCRIPCIÓN FÍSICA--INFORMACIÓN GENERAL
campo de control de longitud fija ta
008 - DATOS DE LONGITUD FIJA--INFORMACIÓN GENERAL
campo de control de longitud fija 240620s1963 sp spa
016 7# - NÚMERO DE CONTROL DE UNA AGENCIA BIBLIOGRÁFICA NACIONAL
Número de control del registro bimoBNE19981503582
Número de control cancelado/no válido IND9200348729
Fuente SpMaBN
017 ## - NÚMERO DE COPYRIGHT O DE DEPÓSITO LEGAL
Número de copyright o de depósito legal M 3875-1958
Agencia que asigna Oficina Depósito Legal Madrid
035 ## - NÚMERO DE CONTROL DEL SISTEMA
Número de control de sistema (OCoLC)431885222
035 ## - NÚMERO DE CONTROL DEL SISTEMA
Número de control de sistema bimo0000905665
040 ## - FUENTE DE CATALOGACIÓN
Centro catalogador/agencia de origen SpMaBN
Lengua de catalogación spa
Centro/agencia transcriptor A2
Centro/agencia modificador ES-MaACL
080 ## - NÚMERO DE LA CLASIFICACIÓN DECIMAL UNIVERSAL
Número de la Clasificación Decimal Universal 86-6"19"
100 1# - ENTRADA PRINCIPAL--NOMBRE DE PERSONA
Nombre de persona Garciasol, Ramón de,
Fechas asociadas al nombre 1913-1994
Número de control del registro de autoridad o número normalizado XX940939
Término indicativo de función/relación Autor
9 (RLIN) 236221
245 10 - MENCIÓN DEL TÍTULO
Título Correo para la muerte /
Mención de responsabilidad, etc. Ramón de Garciasol
260 ## - PUBLICACIÓN, DISTRIBUCIÓN, ETC.
Lugar de publicación, distribución, etc. [Madrid :
Nombre del editor, distribuidor, etc. s.n.],
Fecha de publicación, distribución, etc. 1963.
Fabricante (Imp. del Boletin Oficial del Estado)
300 ## - DESCRIPCIÓN FÍSICA
Extensión 13 p. ;
Dimensiones 24 cm
336 ## - TIPO DE CONTENIDO
Fuente rdacontent
Término de tipo de contenido texto
337 ## - TIPO DE MEDIO
Fuente rdamedia
Nombre/término del tipo de medio sin mediación
338 ## - TIPO DE SOPORTE
Fuente rdacarrier
Nombre/término del tipo de soporte volumen
500 ## - NOTA GENERAL
Nota general Tirada aparte de "Cuadernos hispanoamericanos", abril de 1963, vol. 160
655 #0 - TERMINO DE INDIZACIÓN--GENERO/FORMA
9 (RLIN) 235124
Datos o término principal de género/forma Cartas
655 #7 - TERMINO DE INDIZACIÓN--GENERO/FORMA
Fuente del término tgfbne
9 (RLIN) 234409
Datos o término principal de género/forma Novelas biográficas
852 ## - LOCALIZACIÓN
Ubicación ES-MaACL
Ubicación en estantería Depósito folletos
Número de control de estantería FOLL-BUE-43
Anotaciones manuscritas Dedicatoria manuscrita del autor, Ramón de Garciasol, para Antonio Buero Vallejo en el reverso de cubierta: "Para Tony, fraterno, con el mejor abrazo y devoción de [firma y rúbrica]".
Donativo/Legado Legado: Antonio Buero Vallejo
itemnumber 203721
903 ## - NOMBRE PERSONAL DE DONANTE
9 32421
a Buero Vallejo, Antonio,
q 1
d 1916-2000
e Donante
942 ## - ELEMENTOS DE ENTRADA SECUNDARIOS (KOHA)
Suprimir en OPAC No
Tipo de ítem Koha Folleto
Holdings
Estatus retirado Estado de pérdida Fuente del sistema de clasificación o colocación Estado de daño No para préstamo Colección Biblioteca de origen Biblioteca actual Ubicación en estantería Fecha de adquisición Fuente de adquisición Total de préstamos Signatura topográfica completa Código de barras Visto por última vez Precio de reemplazo Tipo de ítem Koha Nota pública
    Clasificación decimal universal     Libros con dedicatorias Biblioteca del Ateneo de Madrid Biblioteca del Ateneo de Madrid Depósito folletos 20/06/2024 Legado   FOLL-BUE-43 101228594 20/06/2024 20/06/2024 Folleto Dedicatoria manuscrita del autor, Ramón de Garciasol, para Antonio Buero Vallejo.